Instruccion y reglamento de escuelas de primeras letras, formado por la Diputacion Provincial de Palencia, en cumplimiento de lo resuelto en el art. 20, tít. 2o del decreto de las Cortes de 29 de junio del presente año, para gobierno de los Ayuntamientos y obligaciones de los Maestros en la ilustracion de la juventud

Publicado: Palencia : Imprenta de M. Garrido , 1821
Descripción Física: 15 p. ; 20 cm

MARC

LEADER 00000nam a2200000Ia 4500
001 17516
008 160829s1821 xx 000 0 cat d
080 |a RF-15-28 
110 1 |a Palència (Castella i Lleó : Província).  |b Diputación Provincial  |9 55714 
245 |a Instruccion y reglamento de escuelas de primeras letras, formado por la Diputacion Provincial de Palencia, en cumplimiento de lo resuelto en el art. 20, tít. 2o del decreto de las Cortes de 29 de junio del presente año, para gobierno de los Ayuntamientos y obligaciones de los Maestros en la ilustracion de la juventud 
260 |a Palencia :  |b Imprenta de M. Garrido,  |c 1821 
300 |a 15 p. ;  |c 20 cm 
590 |a Prové de 26, exp. 2 
650 |a Educació  |x Espanya  |x Història  |x S. XIX  |9 47877 
856 4 |u https://media.diba.cat/diba/fitxers/arxiu/fulletons/bib_17516_1821_baixa.pdf  |y Accés lliure 
856 4 |u https://media.diba.cat/diba/fitxers/arxiu/fulletons/bib_17516_1821_baixa.pdf  |y Accés lliure 
901 |a Arxiu 
942 |n 1  |2 udc 
952 |0 0  |1 0  |4 0  |6 RF1528  |7 1  |9 54166  |a Arxiu  |b Arxiu  |d 2016-12-01  |l 0  |o RF-15-28  |p 17516  |r 2016-12-01 00:00:00  |w 2016-12-01  |y ARXIU 
999 |c 58035  |d 58035 
900 |a bib_17516_1821_baixa.pdf